=LDR 00000nam 2200000 4500 =001 INLIS000000000058664 =005 20211104085203 =035 ##$$a 0010-1021000112 =007 ta =008 211104###########################0###### =020 ##$$a 978-623-6525-46-3 =082 ##$$a 899.221 3 =084 ##$$a 899.221 3 DAN a =100 #$$a Danis Kalrabara =245 1#$$a All About Love =250 ##$$a Cet. 1 =260 ##$$a Selagalas :$b Novelindo Publishing,$c 2020 =300 ##$$a 490 halaman ; $c 21 em =650 #4$$a Fiksi - Indonesia =990 ##$$a 01/50/2021 =990 ##$$a 01/50/2021